[Event "Tilburg"]
[Site "?"]
[Date "1991.??.??"]
[Round "?"]
[White "Short, N."]
[Black "Bareev, E."]
[Result "1-0"]
[WhiteElo "2660"]
[BlackElo "2680"]
[PlyCount "55"]
[EventDate "1991.??.??"]
[Source "ChessBase"]
[SourceDate "1991.10.01"]

1. e4 e6 2. d4 d5 3. e5 c5 4. Nf3 cxd4 5. Bd3 Ne7 6. O-O Ng6 7. Re1 Nc6 8. a3 Bd7 9. b4 Qc7 10. Qe2 Be7 11. b5 Na5 12. Bg5 Nc4 13. Bxe7 Kxe7 14. g3 Bxb5 15. h4 Rhc8 16. Nbd2 Nxd2 17. Qxd2 Bxd3 18. cxd3 Qc3 19. Qg5+ Kf8 20. h5 h6 21. Qg4 Ne7 22. Nxd4 Nc6 23. Nb5 Qxd3 24. Nd6 Rc7 25. Rad1 Qa6 26. Rxd5 Rd8 27. Rdd1 Nxe5 28. Nf5 1-0

[Event "Politiken Cup"]
[Site "Copenhagen"]
[Date "1996.??.??"]
[Round "9"]
[White "Hodgson, Julian M"]
[Black "Hansen, Sune Berg"]
[Result "1-0"]
[WhiteElo "2615"]
[BlackElo "2495"]
[PlyCount "59"]
[EventDate "1996.06.??"]
[Source "ChessBase"]

1. d4 e6 2. e4 d5 3. e5 c5 4. Nf3 Nc6 5. Bd3 cxd4 6. O-O f6 7. Qe2 Qc7 8. Bf4 g5 9. Bg3 g4 10. Nh4 f5 11. f3 Qg7 12. fxg4 fxg4 13. c4 dxc4 14. Bxc4 Bd7 15. Nd2 O-O-O 16. Ne4 Kb8 17. Nf6 Nh6 18. a3 Bc5 19. Bd3 Ka8 20. Kh1 Bb6 21. b4 Bc8 22. Rac1 Ne7 23. a4 Nef5 24. Nxf5 Nxf5 25. Bf4 h5 26. a5 Bc7 27. Rc5 b6 28. Be4+ Kb8 29. Qb5 Ne3 30. Rfc1 1-0

[Event "Seville op 26th"]
[Site "Seville"]
[Date "2001.01.19"]
[Round "8"]
[White "Spraggett, Kevin"]
[Black "Gofshtein, Leonid D"]
[Result "1-0"]
[WhiteElo "2526"]
[BlackElo "2531"]
[PlyCount "69"]
[EventDate "2001.01.12"]
[Source "ChessBase"]
[SourceDate "2001.03.08"]

1. e4 e6 2. d4 d5 3. e5 c5 4. Nf3 cxd4 5. Bd3 Nd7 6. O-O Ne7 7. Bf4 Nc6 8. Nbd2 Be7 9. Bg3 f5 10. exf6 Bxf6 11. Re1 Nc5 12. Nb3 Nxb3 13. axb3 O-O 14. Ne5 Bxe5 15. Bxe5 Nxe5 16. Rxe5 Qf6 17. Qe2 Bd7 18. Rf1 a5 19. f4 a4 20. bxa4 Rxa4 21. b3 Raa8 22. g3 g6 23. h4 Rf7 24. Kg2 Kh8 25. Qe1 Qe7 26. h5 Rf6 27. hxg6 hxg6 28. Rg5 Qg7 29. Qe5 Kg8 30. Rh1 Kf7 31. Qc7 Ke7 32. Qxb7 Rc8 33. Qb4+ Kf7 34. Ra1 Ke8 35. Qxd4 1-0

[Event "Budapest"]
[Site "Budapest HUN"]
[Date "1987.??.??"]
[Round "2"]
[White "Kindermann, Stefan E S"]
[Black "Farago, Ivan"]
[Result "1/2-1/2"]
[WhiteElo "2520"]
[BlackElo "2535"]
[PlyCount "26"]
[EventDate "1987.05.??"]
[Source "www.chesslib.no"]
[SourceDate "2004.05.04"]

1. e4 e6 2. d4 d5 3. e5 c5 4. Nf3 Nc6 5. Bd3 cxd4 6. O-O f5 7. Nbd2 Nh6 8. Nb3 Nf7 9. Nbxd4 Be7 10. Re1 O-O 11. c4 Nxd4 12. Nxd4 Bc5 13. Nf3 b6 1/2-1/2

[Event "Bad Godesberg"]
[Site "?"]
[Date "1996.??.??"]
[Round "?"]
[White "Seul, G."]
[Black "Gurevich, M."]
[Result "0-1"]
[WhiteElo "2445"]
[BlackElo "2605"]
[PlyCount "64"]
[EventDate "1996.??.??"]
[Source "ChessBase"]
[SourceDate "1996.06.01"]

1. e4 e6 2. d4 d5 3. e5 c5 4. Nf3 cxd4 5. Bd3 Nc6 6. O-O Nge7 7. Bf4 Qb6 8. Nbd2 Ng6 9. Bg3 Nb4 10. Nb3 Nxd3 11. Qxd3 Bd7 12. Nfxd4 Be7 13. f4 O-O 14. Kh1 Kh8 15. Be1 a5 16. a4 f6 17. exf6 Bxf6 18. Bc3 Qc7 19. Qd2 b6 20. Rae1 e5 21. fxe5 Bxe5 22. g3 Bh3 23. Rxf8+ Rxf8 24. Qd3 Qf7 25. Qe2 Qf6 26. Kg1 h6 27. Nb5 Bxc3 28. Nxc3 Ne5 29. Nd4 Nd3 30. cxd3 Qxd4+ 31. Kh1 Rf2 32. Qe8+ Kh7 0-1

[Event "Radio Rebelde A"]
[Site "?"]
[Date "1986.02.??"]
[Round "10"]
[White "Spraggett Kevin B"]
[Black "Gurevich Mikhail N"]
[Result "1-0"]
[WhiteElo "2535"]
[BlackElo "2510"]
[PlyCount "127"]
[EventDate "1986.??.??"]
[Source "www.chesslib.no"]
[SourceDate "2004.05.04"]

1. e4 e6 2. d4 d5 3. e5 c5 4. Nf3 Nc6 5. Bd3 cxd4 6. O-O Nge7 7. Bf4 Ng6 8. Bg3 Be7 9. Nbd2 f5 10. exf6 gxf6 11. Nh4 Nge5 12. Qh5+ Kd7 13. Bb5 Qe8 14. Qe2 a6 15. Bxc6+ Nxc6 16. c4 dxc3 17. bxc3 Qf7 18. Rad1 Rd8 19. Nc4 Bc5 20. Ne3 Ne7 21. Kh1 Ke8 22. c4 d4 23. Ng4 Ng8 24. f4 Rd7 25. Rfe1 Kf8 26. h3 Rd8 27. Nf3 Ne7 28. Ngh2 Nf5 29. Bf2 Bd7 30. g4 Ne7 31. Nxd4 Bxd4 32. Rxd4 Ng6 33. Kg1 e5 34. fxe5 fxe5 35. Rf1 exd4 36. Bxd4 Rac8 37. Rxf7+ Kxf7 38. Qf2+ Ke8 39. Qe3+ Kf7 40. Qf3+ Ke8 41. Qe3+ Kf7 42. Nf3 Rxc4 43. Qh6 Rxd4 44. Qxh7+ Kf6 45. g5+ Kf5 46. Nxd4+ Kxg5 47. h4+ Kf6 48. h5 Nf8 49. Qh6+ Kf7 50. Qf4+ Ke8 51. h6 Rc8 52. h7 Nxh7 53. Qe4+ Kd8 54. Qxh7 Rc5 55. Kf2 Kc8 56. Qe7 Ra5 57. Kf3 Rxa2 58. Qc5+ Kd8 59. Qb6+ Kc8 60. Qc5+ Kd8 61. Qb4 Kc7 62. Qc4+ Bc6+ 63. Nxc6 Ra3+ 64. Kf2 1-0

[Event "Caribbean op"]
[Site "Port of Spain"]
[Date "1999.01.14"]
[Round "4"]
[White "Conquest, Stuart"]
[Black "Hertneck, Gerald"]
[Result "0-1"]
[WhiteElo "2490"]
[BlackElo "2555"]
[PlyCount "82"]
[EventDate "1999.01.??"]
[Source "ChessBase"]
[SourceDate "1999.03.01"]

1. e4 e6 2. d4 d5 3. e5 c5 4. Nf3 cxd4 5. Bd3 Nc6 6. O-O Nge7 7. Bf4 Qb6 8. Nbd2 Bd7 9. Nb3 f5 10. Nfxd4 Nxd4 11. Be3 Nec6 12. c3 O-O-O 13. cxd4 Kb8 14. a4 Rc8 15. a5 Qd8 16. Nc5 Bxc5 17. dxc5 a6 18. Be2 Ka8 19. b4 Nb8 20. g4 Rf8 21. c6 bxc6 22. gxf5 Rxf5 23. Qd4 Rc7 24. Rfc1 Rb7 25. Kh1 Be8 26. Bg4 Rf8 27. Bxe6 Bg6 28. b5 Be4+ 29. Kg1 Qe8 30. bxa6 Nxa6 31. Bh3 Rf3 32. Bg4 Qg6 33. Kf1 Qxg4 34. Rxc6 Nb4 35. a6 Rbf7 36. Rd6 Rxf2+ 37. Bxf2 Bd3+ 38. Qxd3 Rxf2+ 39. Kxf2 Nxd3+ 40. Ke3 Qe4+ 41. Kd2 Nxe5 0-1

[Event "Moscow Aeroflot op"]
[Site "Moscow"]
[Date "2002.02.07"]
[Round "5"]
[White "Kogan, Artur"]
[Black "Zilberman, Yaacov"]
[Result "1-0"]
[WhiteElo "2568"]
[BlackElo "2466"]
[PlyCount "75"]
[EventDate "2002.02.04"]
[Source "ChessBase"]
[SourceDate "2002.03.21"]

1. Nf3 e6 2. e4 d5 3. e5 c5 4. d4 Nc6 5. Bd3 Bd7 6. O-O cxd4 7. Re1 Rc8 8. a3 h6 9. h4 Bc5 10. Bf4 a5 11. Nbd2 Nge7 12. Nf1 a4 13. b4 Bb6 14. h5 Na7 15. Qe2 Kf8 16. g4 Qe8 17. g5 hxg5 18. Nxg5 Bb5 19. Ng3 Bxd3 20. cxd3 Nb5 21. Qf3 Ng8 22. Rac1 Rxc1 23. Bxc1 Nh6 24. Bb2 Ke7 25. Qf4 Qd7 26. Qh4 Rc8 27. Nh7+ Ke8 28. Qg5 f5 29. exf6 Bd8 30. Nf5 Nxf5 31. Qg6+ Qf7 32. Rxe6+ Ne7 33. fxg7 Qxg6+ 34. hxg6 Kd7 35. Nf8+ Kc7 36. Rxe7+ Bxe7 37. g8=Q Rxf8 38. Qxd5 1-0

[Event "ARG-ch 72nd"]
[Site "Pinamar"]
[Date "2002.03.12"]
[Round "2"]
[White "Felgaer, Ruben"]
[Black "Giaccio, Alfredo Gustavo"]
[Result "1-0"]
[WhiteElo "2509"]
[BlackElo "2517"]
[PlyCount "73"]
[EventDate "2002.03.11"]
[Source "ChessBase"]
[SourceDate "2002.03.21"]

1. e4 e6 2. Nf3 d5 3. e5 c5 4. d4 Nc6 5. Bd3 cxd4 6. O-O Qb6 7. Re1 Bd7 8. a3 a5 9. Ng5 Be7 10. Qh5 g6 11. Qf3 Nxe5 12. Rxe5 f6 13. c4 dxc4 14. Bxc4 Qc7 15. Re1 Qxc4 16. Nd2 Qa6 17. Nde4 h6 18. Nh3 e5 19. Qg3 Kf7 20. Bd2 Qe6 21. f4 f5 22. fxe5 fxe4 23. Nf4 Qg4 24. Qb3+ Kg7 25. Rxe4 Bf5 26. h3 Qh4 27. Rf1 Rh7 28. Qxb7 Bxe4 29. Qxe4 Ra6 30. Qb7 Re6 31. Be1 Qxf4 32. Rxf4 Rxe5 33. Bf2 g5 34. Bxd4 Kg6 35. Qc6+ Nf6 36. Rxf6+ Bxf6 37. Bxe5 1-0

[Event "Cappelle la Grande op"]
[Site "Cappelle la Grande"]
[Date "2001.02.25"]
[Round "3"]
[White "Kogan, Artur"]
[Black "Dgebuadze, Alexandre"]
[Result "0-1"]
[WhiteElo "2468"]
[BlackElo "2550"]
[PlyCount "89"]
[EventDate "2001.02.24"]
[Source "ChessBase"]
[SourceDate "2001.03.08"]

1. e4 e6 2. d4 d5 3. e5 c5 4. Nf3 cxd4 5. Bd3 Ne7 6. O-O Nec6 7. Re1 Nd7 8. a3 a5 9. a4 Be7 10. Na3 O-O 11. Nb5 f6 12. exf6 Nxf6 13. Bf4 Bd7 14. Bc7 Qc8 15. Bg3 b6 16. Nfxd4 Nxd4 17. Nxd4 Bc5 18. c3 Qe8 19. Bc2 Rc8 20. Qd2 Qf7 21. Nf3 Qh5 22. Re5 Qe8 23. Re2 Ne4 24. Bxe4 dxe4 25. Rxe4 Bc6 26. Rf4 Rd8 27. Rxf8+ Qxf8 28. Qe2 Qf5 29. Ne5 Bxa4 30. Bh4 Rd5 31. Ng4 Be8 32. h3 h5 33. Nh2 Bb5 34. c4 Re5 35. Qd2 Bxc4 36. Qd8+ Qf8 37. Qc7 Rf5 38. Nf3 Bd5 39. Re1 Bd6 40. Qxb6 Rxf3 41. gxf3 Qxf3 42. Qd8+ Kh7 43. Kf1 Qxh3+ 44. Ke2 Bf8 45. Ra1 0-1

[Event "Plzen"]
[Site "?"]
[Date "1999.??.??"]
[Round "?"]
[White "Stocek, J."]
[Black "Matlak, M."]
[Result "1-0"]
[WhiteElo "2530"]
[BlackElo "2480"]
[PlyCount "73"]
[EventDate "1999.??.??"]
[Source "Chess Informant"]
[SourceDate "1999.10.01"]

1. e4 e6 2. d4 d5 3. e5 c5 4. Nf3 Nc6 5. Bd3 cxd4 6. O-O Nge7 7. Bf4 Ng6 8. Bg3 Be7 9. Nbd2 O-O 10. Nb3 f5 11. exf6 gxf6 12. Nfxd4 e5 13. Nf5 e4 14. Nxe7+ Qxe7 15. Bb5 f5 16. f4 Rd8 17. Qe1 d4 18. Rd1 Qg7 19. Bxc6 bxc6 20. Qb4 Ba6 21. Rfe1 d3 22. Nc5 Rd4 23. Qc3 Rc4 24. Qb3 Kh8 25. Ne6 Qf6 26. cxd3 exd3 27. Nc7 Rd8 28. Nxa6 Qd4+ 29. Bf2 Qd5 30. Nb4 Rxb4 31. Qc3+ Rd4 32. Rxd3 c5 33. Bxd4+ cxd4 34. Qd2 Nh4 35. Rd1 Rg8 36. Rg3 Rd8 37. Rh3 1-0

[Event "I Torneo Iberoamericano"]
[Site "Ayamonte"]
[Date "2004.11.11"]
[Round "1.1"]
[White "Rodriguez, Andres"]
[Black "Fernandez Romero, Ernesto"]
[Result "1/2-1/2"]
[WhiteElo "2533"]
[BlackElo "2471"]
[PlyCount "171"]
[EventDate "2004.11.11"]
[Source "Roberto Alvarez"]
[SourceDate "2004.11.22"]

1. e4 e6 2. d4 d5 3. e5 c5 4. Nf3 Nc6 5. c3 Qb6 6. a3 Nh6 7. b4 cxd4 8. Bxh6 gxh6 9. cxd4 Bd7 10. Be2 Rc8 11. O-O Bg7 12. Qd2 O-O 13. Nc3 Nxd4 14. Nxd4 Bxe5 15. Ndb5 Bxb5 16. Nxb5 a6 17. Qxh6 Bxa1 18. Rxa1 f6 19. Bd3 Rf7 20. Re1 axb5 21. h3 Qd4 22. Re3 Kh8 23. Bxb5 Rc1+ 24. Kh2 Qd1 25. Be2 Qh1+ 26. Kg3 Rg7+ 27. Bg4 Rg1 28. Kh4 Rxg2 29. Bxe6 Qg1 30. Qxf6 Qxf2+ 31. Qxf2 Rxf2 32. Bg4 Rf8 33. Rd3 Rd8 34. Rd4 b6 35. a4 Rc7 36. Be2 Rc2 37. Bb5 Rg2 38. a5 bxa5 39. bxa5 Kg7 40. a6 Ra2 41. Kg4 Ra5 42. Bd3 Rf8 43. Kh5 Kf6 44. Rf4+ Ke7 45. Rb4 Kd6 46. Kg4 h5+ 47. Kh4 Ra3 48. Be2 Rf2 49. Rb6+ Kc5 50. Re6 Rf4+ 51. Kg5 Re4 52. Rxe4 dxe4 53. h4 Kd4 54. Kxh5 Ke3 55. Bc4 Ra4 56. Bb3 Rxa6 57. Kg5 Kf2 58. h5 e3 59. Bc4 Rc6 60. Bd3 Rd6 61. Bc4 Rc6 62. Bd3 Rc3 63. Ba6 Ra3 64. Bc4 Rc3 65. Ba6 Rc5+ 66. Kg4 Ra5 67. Bd3 Ra3 68. Bb5 Rb3 69. Ba6 Rb6 70. Bd3 Ke1 71. Kg5 Kd2 72. Bf1 Rb1 73. Ba6 Rg1+ 74. Kf5 Ra1 75. Bc4 Kc3 76. Be2 Ra2 77. Bg4 Rf2+ 78. Kg5 Rg2 79. h6 e2 80. h7 e1=Q 81. h8=Q+ Kc2 82. Qh7+ Kc1 83. Qc7+ Rc2 84. Qf4+ Kb2 85. Qd4+ Rc3 86. Qb4+ 1/2-1/2

[Event "Coria del Rio 83/239"]
[Site "?"]
[Date "2002.??.??"]
[Round "?"]
[White "Spraggett, K."]
[Black "Pogorelov, R."]
[Result "0-1"]
[WhiteElo "2541"]
[BlackElo "2460"]
[PlyCount "48"]
[EventDate "2002.??.??"]
[Source "Chess Informant"]
[SourceDate "2001.10.01"]

1. e4 e6 2. d4 d5 3. e5 c5 4. Nf3 Nc6 5. Bd3 cxd4 6. O-O Nge7 7. Bf4 Ng6 8. Bg3 Qb6 9. b3 Bd7 10. a3 f6 11. exf6 gxf6 12. Nh4 O-O-O 13. Bxg6 hxg6 14. Nxg6 Rg8 15. Nxf8 Rdxf8 16. c4 dxc4 17. bxc4 e5 18. Nd2 f5 19. Rb1 Qc7 20. f4 e4 21. Nb3 Qd6 22. Qd2 e3 23. Qe2 Rxg3 24. hxg3 Rh8 0-1

[Event "EU-chT (Men)"]
[Site "Batumi"]
[Date "1999.12.03"]
[Round "5.3"]
[White "Nataf, Igor Alexandre"]
[Black "Brynell, Stellan"]
[Result "1/2-1/2"]
[WhiteElo "2504"]
[BlackElo "2488"]
[PlyCount "64"]
[EventDate "1999.11.06"]
[Source "ChessBase"]
[SourceDate "2000.02.01"]

1. e4 e6 2. d4 d5 3. e5 c5 4. Nf3 cxd4 5. Bd3 Nc6 6. O-O Nh6 7. a3 f6 8. Bxh6 gxh6 9. Bb5 Bg7 10. Qxd4 O-O 11. Bxc6 bxc6 12. Nbd2 c5 13. Qe3 Rb8 14. b3 d4 15. Qe2 Bb7 16. Rfe1 Qd5 17. Qe4 Qd7 18. Qg4 f5 19. Qf4 Kh8 20. Nc4 Rg8 21. Nd6 Ba8 22. h3 Bf8 23. Rad1 Rd8 24. b4 Bxd6 25. exd6 Qxd6 26. Qxd6 Rxd6 27. bxc5 Bxf3 28. cxd6 Rxg2+ 29. Kh1 Rg3+ 30. Kh2 Rg2+ 31. Kh1 Rg8+ 32. Kh2 Rg2+ 1/2-1/2

[Event "Sao Paulo Mario Covas 2nd"]
[Site "Sao Paulo"]
[Date "2002.02.24"]
[Round "5"]
[White "Crosa, Martin"]
[Black "Leitao, Rafael"]
[Result "0-1"]
[WhiteElo "2393"]
[BlackElo "2571"]
[PlyCount "74"]
[EventDate "2002.02.20"]
[Source "ChessBase"]
[SourceDate "2002.03.21"]

1. e4 e6 2. d4 d5 3. e5 c5 4. Nf3 cxd4 5. Bd3 Nc6 6. O-O f5 7. a3 a5 8. Bb5 Bd7 9. Bxc6 bxc6 10. Qxd4 c5 11. Qf4 Nh6 12. c4 d4 13. a4 Nf7 14. Qg3 Rg8 15. Ng5 h6 16. Nxf7 Kxf7 17. b3 g5 18. Na3 Bc6 19. Nb5 h5 20. f3 g4 21. f4 h4 22. Qe1 Be7 23. Ra2 Qd7 24. Ba3 Bb7 25. Nd6+ Bxd6 26. exd6 h3 27. Qe5 g3 28. hxg3 Rxg3 29. Bxc5 Rag8 30. Rff2 Re3 31. Qxd4 Re1+ 32. Kh2 hxg2 33. Rxg2 Bxg2 34. Rxg2 Rxg2+ 35. Kxg2 Qb7+ 36. Kf2 Qh1 37. Kg3 Re2 0-1

[Event "Vestmannaeyjum"]
[Site "Vestmannaeyjum"]
[Date "1985.??.??"]
[Round "1"]
[White "Plaskett, Jim"]
[Black "Lein, Anatoly"]
[Result "0-1"]
[WhiteElo "2495"]
[BlackElo "2465"]
[PlyCount "68"]
[EventDate "1985.??.??"]
[Source "ChessBase"]

1. e4 e6 2. d4 d5 3. e5 c5 4. Nf3 cxd4 5. Bd3 Nc6 6. O-O Nge7 7. Bf4 Ng6 8. Bg3 Be7 9. Nbd2 O-O 10. Re1 f5 11. h3 Bd7 12. Nb3 Rc8 13. a4 a6 14. Re2 f4 15. Bh2 Nh4 16. Nxh4 Bxh4 17. Nd2 Be7 18. Re1 Bb4 19. Kh1 Be8 20. Rc1 Qh4 21. Nf3 Qh6 22. c3 dxc3 23. bxc3 Bc5 24. Nd4 Bxd4 25. cxd4 f3 26. Re3 fxg2+ 27. Kxg2 Bh5 28. Qd2 Bf3+ 29. Kg1 Qxh3 30. Bf1 Qg4+ 31. Bg3 Nxd4 32. Rxc8 Rxc8 33. Bg2 h5 34. Kh2 Bxg2 0-1

[Event "3. Atom Cup GM"]
[Site "?"]
[Date "1998.09.29"]
[Round "11"]
[White "Groszpeter Attila"]
[Black "Bunzmann Dimitrij"]
[Result "1-0"]
[WhiteElo "2505"]
[BlackElo "2455"]
[PlyCount "65"]
[EventDate "1998.??.??"]
[Source "www.chesslib.no"]
[SourceDate "2004.05.04"]

1. e4 e6 2. d4 d5 3. e5 c5 4. Nf3 Nc6 5. Bd3 cxd4 6. O-O Nge7 7. Bf4 Ng6 8. Bg3 Be7 9. Nbd2 O-O 10. Nb3 f5 11. exf6 Bxf6 12. Bxg6 hxg6 13. Re1 Kh7 14. Qd2 Qb6 15. Bd6 Re8 16. Ne5 Rd8 17. Nxc6 bxc6 18. Qf4 Re8 19. Rad1 Bd7 20. Be5 Rf8 21. Bxd4 e5 22. Bxe5 Bxe5 23. Qh4+ Kg8 24. Rxe5 Bf5 25. Nd4 Qxb2 26. Nxc6 Qxc2 27. Ne7+ Kf7 28. Rde1 Rh8 29. Qd4 Qc4 30. Nxf5 gxf5 31. Re7+ Kg6 32. Rxg7+ Kh5 33. Qf6 1-0

[Event "CSR-ch"]
[Site "Trencianske Teplice"]
[Date "1979.??.??"]
[Round "6"]
[White "Sikora Lerch, Jan"]
[Black "Uhlmann, Wolfgang"]
[Result "1-0"]
[WhiteElo "2430"]
[BlackElo "2530"]
[PlyCount "31"]
[EventDate "1979.11.??"]
[Source "ChessBase"]

1. e4 e6 2. d4 d5 3. e5 c5 4. Nf3 cxd4 5. Bd3 Nc6 6. O-O Nge7 7. Bf4 Ng6 8. Bg3 Be7 9. Nbd2 O-O 10. Nb3 Bd7 11. Nbxd4 Nxd4 12. Nxd4 Qb6 13. Bxg6 fxg6 14. Qd2 Qxb2 15. Rfb1 Bb4 16. Qxb4 1-0

[Event "Open"]
[Site "?"]
[Date "1996.10.13"]
[Round "9"]
[White "Hodgson Julian M"]
[Black "Kourkounakis Ilias"]
[Result "1-0"]
[WhiteElo "2550"]
[BlackElo "2400"]
[PlyCount "65"]
[EventDate "1996.??.??"]
[Source "www.chesslib.no"]
[SourceDate "2004.05.04"]

1. d4 e6 2. e4 d5 3. e5 c5 4. Nf3 cxd4 5. Bd3 Nc6 6. O-O f6 7. Qe2 fxe5 8. Nxe5 Nf6 9. Bf4 Bd6 10. Nd2 O-O 11. Ndf3 Ne4 12. Nxc6 bxc6 13. Bxd6 Qxd6 14. Bxe4 dxe4 15. Qxe4 Rf4 16. Qe5 Qxe5 17. Nxe5 c5 18. Rfe1 Rf5 19. c3 Bb7 20. Rac1 a5 21. f3 Ra6 22. Rcd1 Rf8 23. cxd4 cxd4 24. Rxd4 Bd5 25. b3 Rc8 26. Re2 a4 27. bxa4 Rc3 28. Rb2 h6 29. Rb8+ Kh7 30. Nd7 Kg6 31. Rf4 Ra3 32. Ne5+ Kh7 33. Rff8 1-0

[Event "OHRA-B"]
[Site "Amsterdam"]
[Date "1985.??.??"]
[Round "6"]
[White "Campora, Daniel Hugo"]
[Black "Rogers, Ian"]
[Result "1-0"]
[WhiteElo "2440"]
[BlackElo "2510"]
[PlyCount "79"]
[EventDate "1985.07.??"]
[Source "ChessBase"]

1. e4 e6 2. d4 d5 3. e5 c5 4. Nf3 Nc6 5. Bd3 c4 6. Be2 b5 7. O-O a5 8. b3 Ba6 9. c3 Nge7 10. Nbd2 Nc8 11. bxc4 bxc4 12. Ne1 Qd7 13. f4 N6e7 14. g4 Bb5 15. Bf3 h5 16. gxh5 Ba4 17. Qe2 Rb8 18. Rf2 Na7 19. Nf1 Nb5 20. Bb2 Nf5 21. Ng3 Nfxd4 22. cxd4 c3 23. Qd3 cxb2 24. Rxb2 Rc8 25. Kh1 Bb4 26. Bd1 Bxd1 27. Rxd1 Rc4 28. Nf3 Qc6 29. f5 Nc3 30. Rg1 Ne4 31. fxe6 fxe6 32. Qe2 Rc1 33. Qg2 Rf8 34. Nxe4 dxe4 35. Rxc1 Qxc1+ 36. Ng1 e3 37. Rc2 Qd1 38. Rc8+ Kf7 39. Qg6+ Kg8 40. h6 1-0

[Event "Extraliga CZE"]
[Site "?"]
[Date "1999.12.18"]
[Round "5"]
[White "Stocek Jiri"]
[Black "Hausner Ivan"]
[Result "1-0"]
[WhiteElo "2532"]
[BlackElo "2415"]
[PlyCount "165"]
[EventDate "1999.??.??"]
[Source "www.chesslib.no"]
[SourceDate "2004.05.04"]

1. e4 e6 2. d4 d5 3. e5 c5 4. Nf3 Nc6 5. Bd3 cxd4 6. O-O f5 7. a3 Nge7 8. b4 Ng6 9. Re1 Be7 10. Nbd2 O-O 11. Nb3 Qc7 12. Qe2 Qb6 13. g3 a5 14. b5 Ncxe5 15. Nxe5 Nxe5 16. Qxe5 Bf6 17. Qe2 e5 18. a4 e4 19. Ba3 Rd8 20. Bc5 Qc7 21. Bxd4 Bxd4 22. Nxd4 Bd7 23. Qh5 exd3 24. cxd3 Re8 25. Nxf5 Qc3 26. Ne3 d4 27. Rac1 Qxd3 28. Red1 Qa3 29. Qd5+ Be6 30. Qxd4 Qe7 31. Qe5 Bb3 32. Qxe7 Rxe7 33. Rd4 Rae8 34. Rc3 Be6 35. Kf1 Kf7 36. Ke1 Rc8 37. Rxc8 Bxc8 38. Kd2 Be6 39. Rf4+ Ke8 40. Rd4 Rc7 41. f4 Bb3 42. Nf5 g6 43. Nd6+ Ke7 44. Ne4 Rc2+ 45. Ke3 b6 46. Rd6 Bxa4 47. Rxb6 Kd8 48. h4 Kc7 49. Ra6 Bxb5 50. Rxa5 Kb6 51. Ra3 Bc6 52. Kd4 Re2 53. Re3 Ra2 54. Ke5 Ra7 55. Kf6 Bd5 56. Ng5 Kc5 57. Re7 Ra6+ 58. Kg7 h5 59. Kh6 Ba2 60. Rg7 Bb1 61. Nf3 Ra3 62. Ne5 Rxg3 63. Nxg6 Bxg6 64. Rxg6 Rg4 65. Kxh5 Rxf4 66. Kg5 Rf1 67. h5 Kd5 68. h6 Ke5 69. h7 Rh1 70. Rh6 Rg1+ 71. Kh5 Kf5 72. Rf6+ Kxf6 73. h8=Q+ Kf7 74. Qh7+ Kf6 75. Qh6+ Kf5 76. Qf8+ Ke4 77. Qf2 Rg7 78. Qc2+ Kf4 79. Qc4+ Kf5 80. Qd5+ Kf6 81. Qf3+ Ke6 82. Qe4+ Kf6 83. Kh6 1-0

[Event "Warsaw"]
[Site "Warsaw"]
[Date "1983.??.??"]
[Round "12"]
[White "Skrobek, Ryszard"]
[Black "Uhlmann, Wolfgang"]
[Result "1/2-1/2"]
[WhiteElo "2420"]
[BlackElo "2505"]
[PlyCount "106"]
[EventDate "1983.05.??"]
[Source "ChessBase"]

1. e4 e6 2. d4 d5 3. e5 c5 4. Nf3 cxd4 5. Bd3 Nc6 6. O-O Nge7 7. Nbd2 Ng6 8. Re1 Qc7 9. Bxg6 fxg6 10. Nb3 Be7 11. Bf4 O-O 12. Bg3 Bd7 13. Nfxd4 Nxd4 14. Nxd4 Qb6 15. Re3 Rac8 16. Rb3 Qa6 17. Rd3 g5 18. Rd2 Be8 19. f3 g4 20. fxg4 Bg5 21. Re2 Bg6 22. h4 Be7 23. Qd2 Bc5 24. Rf2 Bxd4 25. Qxd4 Rxf2 26. Bxf2 b6 27. c3 Qe2 28. b3 Rf8 29. Re1 Qxa2 30. b4 Rc8 31. h5 Be4 32. Re3 Qb1+ 33. Kh2 Qf1 34. Rg3 Rf8 35. Be3 h6 36. Qd2 a5 37. bxa5 bxa5 38. g5 hxg5 39. Bxg5 Rf5 40. h6 Kh7 41. Qb2 Qb1 42. Qxb1 Bxb1 43. hxg7 Kxg7 44. Bd8+ Kf7 45. Bxa5 Rxe5 46. Bb6 Re2 47. Re3 Rb2 48. Rf3+ Ke7 49. Bc5+ Kd7 50. Rf2 Rb8 51. Bd4 Be4 52. g4 Kd6 53. Kg3 Rg8 1/2-1/2

[Event "Corr"]
[Site "?"]
[Date "2000.09.25"]
[Round "?"]
[White "Cutillas Ripoll Pascual (ESP)"]
[Black "Onoda Hirokaz (JPN)"]
[Result "1/2-1/2"]
[WhiteElo "2513"]
[BlackElo "2412"]
[PlyCount "119"]
[EventDate "2000.??.??"]
[Source "www.chesslib.no"]
[SourceDate "2004.05.04"]

1. e4 e6 2. d4 d5 3. e5 c5 4. Nf3 Nc6 5. Bd3 Nxd4 6. Nxd4 cxd4 7. O-O Ne7 8. Bf4 Bd7 9. Nd2 Nc6 10. Nf3 Be7 11. Bg3 g5 12. Nd2 h5 13. h3 Qc7 14. Qe2 O-O-O 15. c4 dxc3 16. bxc3 Rdg8 17. c4 d4 18. Rfb1 h4 19. Bh2 g4 20. hxg4 h3 21. Bg3 hxg2 22. Kxg2 Bh4 23. Ne4 Nxe5 24. Nd6+ Qxd6 25. Bxe5 Bc6+ 26. f3 Rxg4+ 27. Kf1 Bf6 28. Bxd6 Rh1+ 29. Kf2 Bh4+ 30. Bg3 Bxg3+ 31. Kg2 Rh2+ 32. Kf1 Rf4 33. Be4 Rxe2 34. Kxe2 Bxe4 35. fxe4 Rxe4+ 36. Kd3 f5 37. Rh1 Bd6 38. Rh7 Rg4 39. Rb1 Bc7 40. c5 e5 41. Rh8+ Bd8 42. Rbh1 Rg3+ 43. Kc4 Kd7 44. Kd5 d3 45. R8h7+ Kc8 46. Kxe5 d2 47. Rd1 Ba5 48. c6 bxc6 49. Rxa7 Re3+ 50. Kd6 Rd3+ 51. Ke6 Rd5 52. Rf7 Rd4 53. Rxf5 Bb4 54. Ke5 Rd3 55. Ke4 Ra3 56. Rf7 Rxa2 57. Rh1 Ba5 58. Kd3 Bd8 59. Rd1 Ba5 60. Rh1 1/2-1/2

[Event "Open, Le Touquet FRA"]
[Site "?"]
[Date "2001.??.??"]
[Round "?"]
[White "Degraeve, JM."]
[Black "Marechal, A."]
[Result "1-0"]
[WhiteElo "2585"]
[BlackElo "2335"]
[PlyCount "85"]
[EventDate "2001.??.??"]
[Source "www.chesslib.no"]
[SourceDate "2004.05.04"]

1. e4 e6 2. d4 d5 3. e5 c5 4. Nf3 Nc6 5. Bd3 cxd4 6. O-O Bc5 7. Nbd2 Bd7 8. Nb3 Bb6 9. Re1 Nge7 10. h4 h6 11. Bf4 Rc8 12. a3 a5 13. a4 O-O 14. h5 f5 15. Bd2 Qe8 16. Nh4 Qf7 17. f4 Be8 18. g4 fxg4 19. Ng6 Nxg6 20. hxg6 Qc7 21. Qxg4 Bd7 22. Qh4 Rce8 23. Nc1 Ne7 24. Ne2 Nf5 25. Qh3 Bc5 26. Kh1 b6 27. Rf1 Qd8 28. Rg1 Qe7 29. Rg5 Bb4 30. Bc1 Bc5 31. b3 Bc8 32. Bb2 Ne3 33. Rh5 Bb7 34. Rg1 Nc4 35. Bc1 Ne3 36. Kh2 Bc8 37. Bb2 Nf5 38. Bc1 Ne3 39. Rxh6 Nf1+ 40. Kh1 gxh6 41. g7 Qxg7 42. Rxg7+ Kxg7 43. Qxf1 1-0

[Event "RUS-ch U18"]
[Site "Moscow"]
[Date "1995.??.??"]
[Round "2"]
[White "Genba, Vladimir"]
[Black "Kiriakov, Petr"]
[Result "0-1"]
[WhiteElo "2440"]
[BlackElo "2480"]
[PlyCount "67"]
[EventDate "1995.??.??"]
[Source "ChessBase"]

1. e4 e6 2. d4 d5 3. e5 c5 4. Nf3 Nc6 5. dxc5 Bxc5 6. a3 f6 7. b4 Bb6 8. Bb2 fxe5 9. Nxe5 Qf6 10. f4 Nge7 11. Bd3 Nf5 12. Qh5+ g6 13. Qh3 Nfd4 14. c3 Nxe5 15. cxd4 Nc6 16. O-O Bxd4+ 17. Bxd4 Qxd4+ 18. Kh1 Qxa1 19. Nc3 Qb2 20. Bxg6+ Kd8 21. f5 Ne7 22. Bh5 Nxf5 23. Rxf5 Qc1+ 24. Bd1 exf5 25. Qh4+ Kd7 26. Qf6 Re8 27. Qf7+ Kd8 28. Qf6+ Re7 29. h3 Be6 30. Qh8+ Re8 31. Qf6+ Kd7 32. Kh2 Qf4+ 33. Kh1 a6 34. Bf3 0-1

[Event "Mlada Boleslav Open"]
[Site "Mlada Boleslav CZE"]
[Date "1995.??.??"]
[Round "?"]
[White "Stripunsky, Alexander"]
[Black "Krivoshey, Sergei"]
[Result "1-0"]
[WhiteElo "2495"]
[BlackElo "2420"]
[PlyCount "81"]
[EventDate "1995.??.??"]
[Source "www.chesslib.no"]
[SourceDate "2004.05.04"]

1. e4 e6 2. d4 d5 3. e5 c5 4. Nf3 cxd4 5. Bd3 Nc6 6. O-O f5 7. Nbd2 Bc5 8. Nb3 Bb6 9. Re1 Nge7 10. Bf1 O-O 11. Nbxd4 Ng6 12. c3 Bd7 13. b3 a6 14. Ba3 Re8 15. Bd6 Nh8 16. h4 Nf7 17. Ba3 Bc7 18. Nxc6 Bxc6 19. Bc5 Bb6 20. Bxb6 Qxb6 21. Nd4 Qc7 22. Qe2 Qe7 23. g3 g5 24. Qh5 g4 25. Bd3 Kh8 26. Nxe6 Qxe6 27. Bxf5 Qh6 28. Qxf7 Rf8 29. Qe6 Qg7 30. Bd3 Rae8 31. Qd6 Qf7 32. Qf6+ Qxf6 33. exf6 Rxf6 34. Rxe8+ Bxe8 35. Re1 Bc6 36. Re7 h6 37. Be2 Rg6 38. Re5 Kg8 39. h5 Rg7 40. Re6 a5 41. Rxh6 1-0